LEADER 02632oas 2200985 a 450 001 9910141760503321 005 20251205165257.0 011 $a1741-5705 035 $a(DE-599)ZDB2040789-0 035 $a(OCoLC)45848856 035 $a(CONSER) 2004263005 035 $a(CKB)960238982644 035 $a(EXLCZ)99960238982644 100 $a20010205a19749999 sy 101 0 $aeng 135 $aurmnu|||||||| 181 $ctxt$2rdacontent 182 $cc$2rdamedia 183 $acr$2rdacarrier 200 10$aPresidential studies quarterly 210 $aNew York, NY $cCenter for the Study of the Presidency$d1974- 215 $a1 online resource 300 $aRefereed/Peer-reviewed 300 $aPublished: Thousand Oaks, Calif. : Sage Publications, 1998-June 2003; Malden, Mass. ; Oxford, U.K. : Blackwell Publishing on behalf of the Center for the Study of the Presidency, Sept. 2003- 311 08$a0360-4918 606 $aPresidents$zUnited States$vPeriodicals 606 $aExecutive power$zUnited States$vPeriodicals 606 $aExecutive power$2fast$3(OCoLC)fst00917857 606 $aPresidents$2fast$3(OCoLC)fst01075723 606 $aPresidents$2thub 606 $aPoder executiu$2thub 607 $aUnited States$2fast$1https://id.oclc.org/worldcat/entity/E39PBJtxgQXMWqmjMjjwXRHgrq 607 $aEstats Units d'Amèrica$2thub 608 $aPeriodicals.$2fast 608 $aPeriodicals.$2lcgft 608 $aRevistes electròniques.$2thub 615 0$aPresidents 615 0$aExecutive power 615 7$aExecutive power. 615 7$aPresidents. 615 7$aPresidents. 615 7$aPoder executiu. 676 $a353.0313 712 02$aCenter for the Study of the Presidency 801 0$bF#A 801 1$bF#A 801 2$bOCLCQ 801 2$bTXA 801 2$bOCLCQ 801 2$bRCE 801 2$bOCLCQ 801 2$bEYM 801 2$bHUL 801 2$bOCLCQ 801 2$bGBVCP 801 2$bDLC 801 2$bOCLCQ 801 2$bOCLCF 801 2$bOCLCQ 801 2$bDEBBG 801 2$bELW 801 2$bOCLCO 801 2$bDLC 801 2$bNLE 801 2$bOCLCQ 801 2$bTOF 801 2$bAU@ 801 2$bUKMGB 801 2$bOCLCQ 801 2$bVT2 801 2$bUUM 801 2$bNJT 801 2$bOCLCQ 801 2$bQGK 801 2$bOCLCQ 801 2$bIOY 801 2$bOCLCL 801 2$bOCLCQ 801 2$bOCLCL 801 2$bSXB 801 2$bOCLCQ 906 $aJOURNAL 912 $a9910141760503321 996 $aPresidential studies quarterly$91945206 997 $aUNINA